La Carta Social Europea / (Record no. 143027)

MARC details
000 -LEADER
campo de control de longitud fija 00763nam a2200229 4500
001 - NÚMERO DE CONTROL
campo de control 143027
003 - IDENTIFICADOR DE NÚMERO DE CONTROL
campo de control ES-MaACL
005 - FECHA Y HORA DE LA ÚLTIMA TRANSACCIÓN
campo de control 20250831063038.0
007 - CAMPO FIJO DE DESCRIPCIÓN FÍSICA--INFORMACIÓN GENERAL
campo de control de longitud fija t|
008 - DATOS DE LONGITUD FIJA--INFORMACIÓN GENERAL
campo de control de longitud fija 070214s1962 sp r ||||1| spa d
080 ## - NÚMERO DE LA CLASIFICACIÓN DECIMAL UNIVERSAL
Número de la Clasificación Decimal Universal 342.72/.73(4)
100 1# - ENTRADA PRINCIPAL--NOMBRE DE PERSONA
Nombre de persona Sela Quintana, Luis
9 (RLIN) 105287
245 13 - MENCIÓN DEL TÍTULO
Título La Carta Social Europea /
Mención de responsabilidad, etc. por Luis Sela Quintana.
260 ## - PUBLICACIÓN, DISTRIBUCIÓN, ETC.
Lugar de publicación, distribución, etc. Oviedo :
Nombre del editor, distribuidor, etc. [Escuela Social],
Fecha de publicación, distribución, etc. 1962 (
Fabricante Imp. La Cruz)
300 ## - DESCRIPCIÓN FÍSICA
Extensión 66 p. ;
Dimensiones 25 cm.
490 1# - MENCIÓN DE SERIE
Mención de serie Publicaciones de la Escuela Social de Oviedo
630 04 - PUNTO DE ACCESO ADICIONAL DE MATERIA--TÍTULO UNIFORME
Título uniforme Carta Social Europea (
Fecha de la firma de un tratado 1961)
9 (RLIN) 173580
710 2# - ENTRADA AGREGADA--NOMBRE DE ENTIDAD CORPORATIVA
Nombre de entidad corporativa o nombre de jurisdicción como elemento de entrada Universidad de Oviedo.
Unidad subordinada Escuela Social.
9 (RLIN) 7264
830 1# - PUNTO DE ACCESO ADICIONAL DE SERIE-TÍTULO UNIFORME
Título uniforme Publicaciones de la Escuela Social de Oviedo
9 (RLIN) 220526
852 ## - LOCALIZACIÓN
Ubicación ES-MaACL
Número de control de estantería C-24437
Holdings
Estatus retirado Estado de pérdida Estado de daño No para préstamo Biblioteca de origen Biblioteca actual Ubicación en estantería Fecha de adquisición Fuente de adquisición Total de préstamos Signatura topográfica completa Código de barras Visto por última vez Precio de reemplazo Tipo de ítem Koha
        Biblioteca del Ateneo de Madrid Biblioteca del Ateneo de Madrid Depósito 2 17/01/2008     C-24437 1148812 23/02/2023 23/02/2023 Libro impreso